000 00731nas a2200229 4500
001 BR7700087
003 BR-BrBNA
005 20231205083030.0
007 ta
008 230509b bl.|||p| |||| 00| 00por d
040 _aBR-BrBNA
_bpor
_cBiblioteca Nacional de Agricultura
041 _a(Pt)
072 _aL70
100 1 _aNunes, V.A.
100 1 _aNunes, I.J.
245 1 _aTecnica de exame post-mortem do sistema auditivo aplicada no estudo de otites em bovinos [Brasil]
650 _aBOVINO
650 _aOTITE
773 0 _tArquivos da Escola de Veterinaria da Universidade Federal de Minas Gerais (Brazil)
_x
_g(1975), v. 27(2) p. 155-161
_wBR7700087
909 _a202311
_bLúcia
_c55
_dLúcia Elande
942 _2AGRIS
_n0
_cANA
999 _c95906
_d95906